Sports Quiz

Random Sports or WWE Quiz

Who AJ Lee has kissed in WWE Quiz Stats

 Plays Quiz not verified by Sporcle

Challenge
Share
Tweet
Embed
Score 0/9 Timer 05:00
1 Play Today
Wrestler % Correct
CM Punk
93%
Daniel Bryan
90.6%
Kane
89.5%
John Cena
89.5%
Dolph Ziggler
86.9%
Brie Bella
41.8%
Primo
39.4%
Cody Rhodes
37.3%
Hornswoggle
34.1%

You're not logged in!

Compare scores with friends on all Sporcle quizzes.
Join for Free
OR
Log In

You Might Also Like...

Show Comments

Extras

Created Feb 4, 2013ReportNominate
Tags:WWE Quiz, kissed, lee, wrestlers

Top Quizzes Today


Score Distribution

Your Account Isn't Verified!

In order to create a playlist on Sporcle, you need to verify the email address you used during registration. Go to your Sporcle Settings to finish the process.

Report this User

Report this user for behavior that violates our Community Guidelines.

Details: